Normal view
MARC view
- Arora.B.B.etal.
Entry Personal Name
001 - CONTROL NUMBER
- control field: 4361
003 - CONTROL NUMBER IDENTIFIER
- control field: OSt
005 - DATE AND TIME OF LATEST TRANSACTION
- control field: 20171107124155.0
008 - FIXED-LENGTH DATA ELEMENTS
- fixed length control field: 171107|| aca||aabn | a|a d
040 ## - CATALOGING SOURCE
- Original cataloging agency: OSt
- Transcribing agency: OSt
100 ## - HEADING--PERSONAL NAME
- Personal name: Arora.B.B.etal.
670 ## - SOURCE DATA FOUND
- Source citation: Work cat.: (OSt): Arora.B.B.etal., Abc of Biology-XII, 2010